000 00317nam a2200133Ia 4500
008 100328s9999 xx 000 0 und d
082 _b18203
100 _aCreascy John
245 _aHelp form the Baron
260 _bWhite Lion
630 _aHelp form the Baron
730 _aHelp form the Baron
942 _cBOOK
999 _c512642
_d512639